| 000 -LEADER |
| fixed length control field |
01714cam a2200361Ia 4500 |
| 001 - CONTROL NUMBER |
| control field |
1289435 |
| 003 - CONTROL NUMBER IDENTIFIER |
| control field |
OCoLC |
| 005 - DATE AND TIME OF LATEST TRANSACTION |
| control field |
20221227140644.0 |
| 008 - FIXED-LENGTH DATA ELEMENTS--GENERAL INFORMATION |
| fixed length control field |
121030s1999 nyua c 000 1 eng |
| 010 ## - LIBRARY OF CONGRESS CONTROL NUMBER |
| LC control number |
98046370 |
| 020 ## - INTERNATIONAL STANDARD BOOK NUMBER |
| International Standard Book Number |
9780439064873 (pbk.) |
| 020 ## - INTERNATIONAL STANDARD BOOK NUMBER |
| International Standard Book Number |
0439064872 (pbk.) |
| 040 ## - CATALOGING SOURCE |
| Original cataloging agency |
BNY |
| Transcribing agency |
BNY |
| Modifying agency |
OCLCQ |
| -- |
UBY |
| -- |
NLGGC |
| -- |
TXHLC |
| -- |
KH8 |
| 042 ## - AUTHENTICATION CODE |
| Authentication code |
nbic |
| 082 00 - DEWEY DECIMAL CLASSIFICATION NUMBER |
| Classification number |
FIC ROW |
| Edition number |
21 |
| 100 1# - MAIN ENTRY--PERSONAL NAME |
| Personal name |
Rowling, J. K. |
| Relator term |
AUTHOR |
| 245 10 - TITLE STATEMENT |
| Title |
Harry Potter and the Chamber of Secrets / |
| Statement of responsibility, etc. |
J.K. Rowling ; illustrations by Mary GrandPré |
| 260 ## - PUBLICATION, DISTRIBUTION, ETC. |
| Place of publication, distribution, etc. |
New York : |
| Name of publisher, distributor, etc. |
Scholastic, Inc., |
| Date of publication, distribution, etc. |
c1999. |
| 300 ## - PHYSICAL DESCRIPTION |
| Extent |
vi, 341 p. : |
| Other physical details |
ill. ; |
| Dimensions |
20 cm. |
| 440 ## - SERIES STATEMENT/ADDED ENTRY--TITLE |
| Title |
HARRY POTTER |
| 500 ## - GENERAL NOTE |
| General note |
"Year 2"--Spine. |
| 500 ## - GENERAL NOTE |
| General note |
Sequel to: Harry Potter and the sorcerer's stone. |
| 505 0# - FORMATTED CONTENTS NOTE |
| Title |
The Worst Birthday -- |
| -- |
Dobby's Warning -- |
| -- |
The Burrow -- |
| -- |
At Flourish and Blotts -- |
| -- |
The Whomping Willow -- |
| -- |
Gilderoy Lockhart -- |
| -- |
Mudbloods and Murmurs -- |
| -- |
The Deathday Party -- |
| -- |
The Writing on the Wall -- |
| -- |
The Rogue Bludger -- |
| -- |
The Dueling Club -- |
| -- |
The Polyjuice Potion -- |
| -- |
The Very Secret Diary -- |
| -- |
Cornelius Fudge -- |
| -- |
Aragog -- |
| -- |
The Chamber of Secrets -- |
| -- |
The Heir of Slytherin -- |
| -- |
Dobby's Reward. |
| 520 ## - SUMMARY, ETC. |
| Summary, etc. |
When the Chamber of Secrets is opened again at the Hogwarts School for Witchcraft and Wizardry, second-year student Harry Potter finds himself in danger from a dark power that has once more been released on the school. |
| 650 #0 - SUBJECT ADDED ENTRY--TOPICAL TERM |
| Topical term or geographic name entry element |
Wizards |
| Form subdivision |
Fiction. |
| 650 #0 - SUBJECT ADDED ENTRY--TOPICAL TERM |
| Topical term or geographic name entry element |
Magic |
| Form subdivision |
Fiction. |
| 650 #0 - SUBJECT ADDED ENTRY--TOPICAL TERM |
| Topical term or geographic name entry element |
Schools |
| Form subdivision |
Juvenile fiction. |
| 650 17 - SUBJECT ADDED ENTRY--TOPICAL TERM |
| Topical term or geographic name entry element |
Engels |
| Source of heading or term |
gtt. |
| 651 #0 - SUBJECT ADDED ENTRY--GEOGRAPHIC NAME |
| Geographic name |
England |
| General subdivision |
Social life and customs |
| Form subdivision |
Miscellanea. |
| 655 #7 - INDEX TERM--GENRE/FORM |
| Genre/form data or focus term |
Fantasy fiction. |
| 700 1# - ADDED ENTRY--PERSONAL NAME |
| Personal name |
GrandPré, Mary, |
| Relator term |
ill. |
| 942 ## - ADDED ENTRY ELEMENTS (KOHA) |
| Source of classification or shelving scheme |
|
| Koha item type |
Books - Fiction |